[Event "4. Open Internacional de Calviá 2007"]
[Site "Calvia ESP"]
[Date "2007.10.15"]
[Round "1.60"]
[White "Segura Navarro, Francisco"]
[Black "Ehsan, Ali"]
[Result "0-1"]
[WhiteElo "1713"]
[BlackElo "2280"]
[PlyCount "56"]
[EventDate "2007.10.15"]
[EventType "swiss"]
[EventRounds "9"]
[EventCountry "ESP"]
[Source "lmi"]
[SourceDate "2007.10.15"]

1. d4 d5 2. Nf3 Nc6 3. g3 Bg4 4. c3 Qd7 5. h3 Bf5 6. Nbd2 O-O-O 7. Bg2 h5 8.
Ng5 e6 9. h4 f6 10. Nh3 Kb8 11. Nb3 Bd6 12. Nc5 Bxc5 13. dxc5 e5 14. Ng1 Nge7
15. b4 e4 16. e3 Ne5 17. Bf1 g5 18. hxg5 fxg5 19. a4 h4 20. gxh4 gxh4 21. Bh3
Nd3+ 22. Kf1 Rdf8 23. Ra2 Rhg8 24. Rh2 Rxg1+ 25. Kxg1 Bxh3 26. Kh1 Qf5 27. Ba3
Bg4 28. Qf1 Bf3+ 0-1

[Event "4. Open Internacional de Calviá 2007"]
[Site "Calvia ESP"]
[Date "2007.10.20"]
[Round "6.44"]
[White "Moreno Garcia, Alfonso"]
[Black "Barcelo, Pedro"]
[Result "0-1"]
[WhiteElo "2020"]
[BlackElo "2190"]
[PlyCount "76"]
[EventDate "2007.10.15"]
[EventType "swiss"]
[EventRounds "9"]
[EventCountry "ESP"]
[Source "lmi"]
[SourceDate "2007.10.15"]

1. c4 e6 2. d4 d5 3. Nc3 Nf6 4. Bg5 Be7 5. e3 O-O 6. Nf3 Nbd7 7. cxd5 exd5 8.
Bd3 c6 9. O-O Re8 10. Qc2 Nf8 11. Rab1 Ne4 12. Bxe7 Qxe7 13. b4 Ng6 14. b5 Bg4
15. Be2 Rac8 16. b6 a6 17. h3 Bxf3 18. Bxf3 Nh4 19. Bxe4 dxe4 20. Ne2 Qg5 21.
g3 h5 22. Rbc1 Rcd8 23. Nf4 Nf3+ 24. Kg2 Qh6 25. h4 Qf6 26. Qc5 g6 27. Rfd1 Kg7
28. d5 cxd5 29. Rxd5 Rc8 30. Qa3 Qxb6 31. Rxc8 Rxc8 32. Rd1 Rc2 33. Qe7 Qc7 34.
Qxe4 Ne5 35. Rd5 Ng4 36. Qd4+ Kh7 37. Nd3 Rc4 38. Qb2 Nxe3+ 0-1